000 00523nam a2200205 a 4500
001 22999
003 CO-ViMGA
008 141112s2004 ck r 000 u spa d
020 _a9580490961
040 _aCO-ViMGA
_bspa
_cCO-ViMGA
082 0 4 _aMCKn
100 1 _aMckee, David
_917626
245 1 0 _aElmer en la nieve
260 _aColombia :
_bNorma
300 _a32p.
505 _aElmer en la nieve
650 1 4 _aCUENTOS INFANTILES INGLESES
_915884
650 1 4 _aVALORES - CUENTOS INFANTILES
_933064
942 _2ddc
_cBK
999 _c31285
_d31285